LEADER 00701nab a2200145 i 4500 001 000000271311 003 CaOOAMICUS 005 20090706000000.0 008 090706n xx uu u0 0und r 013 $a18470 040 $aSeMil$bita 245 10$aCalvin im Spiegel seiner Interpreten :$bder lange Weg zur Überwindung von Vorurteilen am Beispiel der Sakramententheologie. - Titolo principale dalla prima pagina. 500 $a2009/3. 773 0 $t[2009].$dMünster : Aschendorff, copyr. 2009.$w()178387 996 $6245$aCalvin im Spiegel seiner Interpreten :$bder lange Weg zur Überwindung von Vorurteilen am Beispiel der Sakramententheologie. - Titolo principale dalla prima pagina.$9(OLS)http://semarc/title/359880 LEADER 00886nam a2200205 4500 001 000000356167 003 CaOOAMICUS 005 20231121153728.0 008 231121s1965 it 000 u ita r 040 $aSeMil$bita 100 1 $aBallerini, Paolo Angelo,$d<1814-1897>.$0(OLS)http://semarc/name/8158 245 10$aDiscorsi [a S. Giuseppe - a S. Carlo Borromeo] /$cmons. Paolo Angelo Ballerini. 264 1$a[S.l. :$bs.n.],$c1965. 300 $a34 p. :$bill. ;$c25 cm 650 4$aBallerini, Paolo Angelo - Omelie e discorsi.$0(OLS)http://semarc/subject/37539 850 $aSeMil 852 $aSeMil$W1$xVenegono$y1$m5B IV 7/14$j244581$B247327$CSeMilBibl$Z2$F247327 $81 996 $6245$aDiscorsi [a S. Giuseppe - a S. Carlo Borromeo]$9(OLS)http://semarc/title/446415 996 $6264$a[S.l. :$bs.n.]$9(OLS)http://semarc/publisher/29751